000 00690nam a2200241Ia 4500
003 OSt
005 20220926005246.0
006 a|||||r|||| 00| 0
007 ta
008 220923b |||||||| |||| 00| 0 eng d
020 _a9789351509981
037 _cGeneral Book
040 _aRTL
_cRTL
_beng
041 _2eng
_aeng
082 _aY31:7:7, Q6
100 _aSINGH Katar
_9262996
245 0 _aRural development
_bPrinciples, policies and management
260 _a New Delhi
_bSage Publishing
_c2016
300 _axxxi,335p.
_ccm.
700 _a SHISHODIA Anil
942 _hY31:7:7, Q6
_cGB
_2CC
999 _c613328
_d613328